50 Personnalités francophones #4 - Statistiques

Statistiques générales
  • Ce quiz a été pris 171 fois
  • Le résultat moyen est 21 sur 50
Statistiques - réponses
Par images Réponse % Correct
Julien Doré
96%
Thomas Pesquet
94%
François Bayrou
92%
Karim Benzema
86%
David Guetta
85%
Michou
84%
Carlito
80%
Emilien
79%
Clara Luciani
78%
Fabrice Eboué
77%
Valerie Lemercier
74%
Mcfly
68%
Pierre Gasly
66%
Anne-Sophie Lapix
63%
Pascal Praud
58%
Manon Aubry
51%
Isabelle Adjani
49%
Loïs Boisson
46%
Sandrine Kiberlain
44%
Daphné Burki
40%
Benoit Magimel
39%
Aliocha Schneider
37%
Théo Curin
37%
Agnès Jaoui
35%
Bernard-Henry Lévy
35%
Camélia Jordana
35%
Isabelle Huppert
35%
Agnès Varda
34%
Albert Dupontel
34%
Anne-Elisabeth Lemoine
32%
Laurent Luyat
30%
Jean-Pierre Darroussin
28%
Clarisse Agbegnenou
27%
Jean-Michel Aphatie
27%
Bertrand Latour
26%
Jean-Marc Jancovici
25%
Mathieu Lartot
23%
Denis Podalydes
19%
Thomas Joly
16%
Anne Depétrini
15%
Lyna Khoudri
14%
Guillermo Guiz
13%
Nicky Doll
13%
Xavier Dolan
13%
Ben Mazué
12%
Delphine Ernotte
11%
Lola Dewaere
11%
Sara Mortensen
11%
Angélique Angarni-Filopon
9%
Abraham Wapler
2%
Aucun quiz correspondant
Distribution des résultats
% des personnes avec chaque résultat
Percentile par nombre de réponses
Votre historique - résultats
Vous n’avez pas pris ce quiz